[Event "Bundesliga 2425"]
[Site "Germany"]
[Date "2025.02.02"]
[Round "8.8"]
[White "Loxine, Jakov"]
[Black "Gungl, Theo"]
[Result "1/2-1/2"]
[WhiteElo "2395"]
[BlackElo "2338"]
[PlyCount "45"]
[EventDate "2024.09.28"]
[EventType "team-tourn"]
[EventRounds "15"]
[EventCountry "GER"]
[SourceTitle "CB06_2025"]
[SourceDate "2025.02.05"]
[SourceVersion "1"]
[SourceVersionDate "2025.02.05"]
[SourceQuality "1"]
[WhiteTeam "Dresden TU"]
[BlackTeam "Muelheim Nord"]
[WhiteTeamCountry "GER"]
[BlackTeamCountry "GER"]

1. c4 c6 2. Nf3 d5 3. e3 Nf6 4. Nc3 e6 5. b3 Bd6 6. Bb2 0-0 7. Be2 e5 8. cxd5 cxd5 9. Nb5 Nc6 10. Nxd6 Qxd6 11. d4 e4 12. Ne5 Bf5 13. 0-0 Rac8 14. Qd2 Nd7 15. Nxc6 Rxc6 16. Rac1 Rfc8 17. Bb5 R6c7 18. Rxc7 Rxc7 19. Rc1 a6 20. Bxd7 Bxd7 21. Ba3 Rxc1+ 22. Qxc1 Qc6 23. Qc5 1/2-1/2

[Event "Bundesliga 2122"]
[Site "Germany"]
[Date "2022.05.14"]
[Round "7.7"]
[White "Loxine, Jakov"]
[Black "Meier, Georg"]
[Result "0-1"]
[WhiteElo "2390"]
[BlackElo "2631"]
[PlyCount "92"]
[EventDate "2022.03.05"]
[EventType "team-tourn"]
[EventRounds "15"]
[EventCountry "GER"]
[SourceTitle "EXT 2023"]
[Source "ChessBase"]
[SourceDate "2022.10.05"]
[SourceVersion "1"]
[SourceVersionDate "2022.10.05"]
[SourceQuality "1"]
[WhiteTeam "Dresden TU"]
[BlackTeam "Baden-Baden"]
[WhiteTeamCountry "GER"]
[BlackTeamCountry "GER"]

1. Nf3 d5 2. g3 Bf5 3. Bg2 e6 4. 0-0 Nf6 5. d3 Be7 6. c4 0-0 7. Qb3 Na6 8. Bg5 c6 9. Nbd2 Nc5 10. Qc2 Ncd7 11. h3 h6 12. Bf4 Re8 13. g4 Bh7 14. Qb3 Nc5 15. Qc3 a5 16. Rac1 Ncd7 17. Qb3 Nc5 18. Qc3 Bf8 19. Rfd1 Ncd7 20. d4 c5 21. e3 cxd4 22. exd4 dxc4 23. Qxc4 Nd5 24. Bg3 Qb6 25. Qa4 N7f6 26. Qb3 Qxb3 27. axb3 Rec8 28. Ne5 Bc2 29. Rf1 Bb4 30. Ndc4 Bxb3 31. Ne3 Bd2 32. Rxc8+ Rxc8 33. Nxd5 Nxd5 34. Be4 b5 35. Nd7 Nf6 36. Nb6 Rd8 37. Bc6 b4 38. Be5 Nd5 39. Bxd5 exd5 40. Kg2 a4 41. Bc7 Re8 42. Bd6 Re6 43. Nc8 Bc2 44. Bc5 a3 45. bxa3 b3 46. Ne7+ Kh7 0-1

[Event "Bundesliga 1819"]
[Site "Germany"]
[Date "2019.03.10"]
[Round "13.7"]
[White "Buhmann, Rainer"]
[Black "Loxine, Jakov"]
[Result "1-0"]
[WhiteElo "2574"]
[BlackElo "2393"]
[PlyCount "87"]
[EventDate "2018.11.10"]
[EventType "team-tourn"]
[EventRounds "15"]
[EventCountry "GER"]
[SourceTitle "CBM 189 Extra"]
[Source "ChessBase"]
[SourceDate "2019.05.31"]
[SourceVersion "1"]
[SourceVersionDate "2019.05.31"]
[SourceQuality "1"]
[WhiteTeam "Hockenheim"]
[BlackTeam "Dresden TU"]
[WhiteTeamCountry "GER"]
[BlackTeamCountry "GER"]

1. e4 c5 2. Nf3 Nc6 3. d4 cxd4 4. Nxd4 e5 5. Nb5 d6 6. c4 Be6 7. N5c3 Nf6 8. Bd3 g6 9. 0-0 Bg7 10. Nd5 Nd7 11. Nbc3 0-0 12. Be3 a6 13. Rc1 f5 14. exf5 gxf5 15. f4 e4 16. Be2 Rc8 17. Qd2 Kh8 18. Rfd1 Bf7 19. b4 Qe8 20. a3 Rg8 21. Na4 Qe6 22. g3 h5 23. Kh1 Kh7 24. Nab6 Nxb6 25. Bxb6 h4 26. gxh4 Ne7 27. Ne3 Rc6 28. Bd4 Qh6 29. Rg1 Bxd4 30. Qxd4 d5 31. cxd5 Rxc1 32. Rxc1 Qxf4 33. Rf1 Qd6 34. Bg4 Bg6 35. h5 fxg4 36. hxg6+ Qxg6 37. Rf6 Qh5 38. Qxe4+ Kh8 39. Qd4 Kh7 40. Qe4+ Kh8 41. Rf4 Qh4 42. Rf7 Qe1+ 43. Kg2 Qe2+ 44. Rf2 1-0

[Event "Bundesliga 1819"]
[Site "Germany"]
[Date "2019.02.03"]
[Round "8.8"]
[White "Loxine, Jakov"]
[Black "Nikolic, Predrag"]
[Result "0-1"]
[WhiteElo "2393"]
[BlackElo "2576"]
[PlyCount "62"]
[EventDate "2018.11.10"]
[EventType "team-tourn"]
[EventRounds "15"]
[EventCountry "GER"]
[SourceTitle "CBM 188 Extra"]
[Source "ChessBase"]
[SourceDate "2019.02.28"]
[SourceVersion "1"]
[SourceVersionDate "2019.02.28"]
[SourceQuality "1"]
[WhiteTeam "Dresden TU"]
[BlackTeam "Solingen"]
[WhiteTeamCountry "GER"]
[BlackTeamCountry "GER"]

1. d4 Nf6 2. c4 e6 3. Nf3 b6 4. a3 d5 5. Nc3 Be7 6. cxd5 exd5 7. g3 0-0 8. Bg2 c5 9. 0-0 Nc6 10. Bf4 Be6 11. dxc5 bxc5 12. Ng5 Qd7 13. Nxe6 fxe6 14. Qa4 h6 15. Rad1 Rac8 16. Bh3 Kh8 17. Qc2 Qe8 18. e4 Qg6 19. Bg2 e5 20. Bc1 Nd4 21. Qb1 dxe4 22. Be3 Qh5 23. Bxd4 exd4 24. Nxe4 Ng4 25. h3 Ne5 26. f4 Nc4 27. Rde1 Ne3 28. g4 Qh4 29. Rxe3 dxe3 30. Qd3 Bf6 31. Nd6 Rcd8 0-1

[Event "Bundesliga 1819"]
[Site "Germany"]
[Date "2018.11.25"]
[Round "4.7"]
[White "Kollars, Dmitrij"]
[Black "Loxine, Jakov"]
[Result "1-0"]
[WhiteElo "2542"]
[BlackElo "2393"]
[PlyCount "73"]
[EventDate "2018.11.10"]
[EventType "team-tourn"]
[EventRounds "15"]
[EventCountry "GER"]
[SourceTitle "CBM 187 Extra"]
[Source "ChessBase"]
[SourceDate "2018.11.04"]
[SourceVersion "1"]
[SourceVersionDate "2018.11.04"]
[SourceQuality "1"]
[WhiteTeam "Deizisau"]
[BlackTeam "Dresden TU"]
[WhiteTeamCountry "GER"]
[BlackTeamCountry "GER"]

1. e4 c5 2. Nf3 Nc6 3. d4 cxd4 4. Nxd4 g6 5. Nc3 Bg7 6. Be3 Nf6 7. Bc4 0-0 8. Bb3 Re8 9. f3 d5 10. exd5 Nb4 11. Nde2 e6 12. Bd4 exd5 13. 0-0 Be6 14. Nf4 Nc6 15. Bf2 Qd6 16. Nxe6 fxe6 17. Nb5 Qd7 18. c4 Red8 19. Qe2 a6 20. Nc3 Na5 21. Ba4 Qd6 22. c5 Qe7 23. Rad1 Nc6 24. Rfe1 Re8 25. b4 Rad8 26. Bxc6 bxc6 27. Qxa6 Nh5 28. Ne2 Ra8 29. Qxc6 Rxa2 30. b5 Rf8 31. b6 Be5 32. Ng3 Rxf2 33. Kxf2 Nxg3 34. Rxe5 Ne4+ 35. Kg1 Qh4 36. Qxe6+ Kh8 37. Rxe4 1-0

[Event "Bundesliga 1718"]
[Site "Germany"]
[Date "2017.11.11"]
[Round "3.2"]
[White "Loxine, Jakov"]
[Black "Santos Ruiz, Miguel"]
[Result "0-1"]
[WhiteElo "2409"]
[BlackElo "2508"]
[PlyCount "54"]
[EventDate "2017.10.21"]
[EventType "team-tourn"]
[EventRounds "15"]
[EventCountry "GER"]
[SourceTitle "CBM 182"]
[Source "ChessBase"]
[SourceDate "2018.01.17"]
[SourceVersion "1"]
[SourceVersionDate "2018.01.17"]
[SourceQuality "1"]
[WhiteTeam "Dresden"]
[BlackTeam "Aachen"]
[WhiteTeamCountry "GER"]
[BlackTeamCountry "GER"]

1. Nf3 d5 2. e3 Nf6 3. c4 e6 4. Nc3 Bd6 5. b3 0-0 6. Bb2 c5 7. g4 d4 8. exd4 cxd4 9. Nxd4 e5 10. Nf5 Bxf5 11. gxf5 e4 12. d4 Nc6 13. d5 Ne5 14. Be2 Re8 15. Qd2 Nf3+ 16. Bxf3 exf3+ 17. Kd1 b5 18. Rg1 bxc4 19. bxc4 Be5 20. Qh6 g6 21. fxg6 hxg6 22. Kc2 Rb8 23. Rab1 Qc8 24. Rg5 Qxc4 25. Rxg6+ fxg6 26. Qxg6+ Kh8 27. Qh6+ Nh7 0-1

[Event "Bundesliga 1617"]
[Site "Germany"]
[Date "2017.04.30"]
[Round "14.7"]
[White "Loxine, Jakov"]
[Black "Spitzl, Vinzent"]
[Result "1/2-1/2"]
[WhiteElo "2409"]
[BlackElo "2146"]
[PlyCount "40"]
[EventDate "2016.10.15"]
[EventType "team-tourn"]
[EventRounds "15"]
[EventCountry "GER"]
[SourceTitle "CBM 178"]
[Source "ChessBase"]
[SourceDate "2017.05.14"]
[SourceVersion "1"]
[SourceVersionDate "2017.05.14"]
[SourceQuality "1"]
[WhiteTeam "Dresden"]
[BlackTeam "Griesheim"]
[WhiteTeamCountry "GER"]
[BlackTeamCountry "GER"]

1. Nf3 d5 2. e3 Nf6 3. b3 Bf5 4. Bb2 e6 5. d3 h6 6. Nbd2 Be7 7. g3 0-0 8. Bg2 Nbd7 9. 0-0 c6 10. Qe2 Bh7 11. a3 a5 12. e4 Qc7 13. Rfd1 b5 14. e5 Ne8 15. Nf1 Qb7 16. g4 b4 17. a4 c5 18. Ng3 Rc8 19. Bc1 Qc7 20. h4 c4 1/2-1/2

[Event "Bundesliga 1617"]
[Site "Germany"]
[Date "2017.03.18"]
[Round "9.8"]
[White "Loxine, Jakov"]
[Black "Lammers, Markus"]
[Result "1-0"]
[WhiteElo "2409"]
[BlackElo "2318"]
[PlyCount "83"]
[EventDate "2016.10.15"]
[EventType "team-tourn"]
[EventRounds "15"]
[EventCountry "GER"]
[SourceTitle "CBM 178"]
[Source "ChessBase"]
[SourceDate "2017.05.14"]
[SourceVersion "1"]
[SourceVersionDate "2017.05.14"]
[SourceQuality "1"]
[WhiteTeam "Dresden"]
[BlackTeam "Muenchen Zugzwang"]
[WhiteTeamCountry "GER"]
[BlackTeamCountry "GER"]

1. Nf3 Nf6 2. c4 c5 3. Nc3 Nc6 4. d4 cxd4 5. Nxd4 g6 6. e4 Bg7 7. Be3 0-0 8. Be2 d6 9. 0-0 Nxd4 10. Bxd4 Bd7 11. f3 Bc6 12. b4 Rc8 13. Qd2 Bd7 14. Rac1 Be6 15. Nd5 Bxd5 16. exd5 Nd7 17. Bxg7 Kxg7 18. f4 a5 19. a3 Kg8 20. Bg4 b6 21. Rc3 axb4 22. axb4 Ra8 23. Bxd7 Qxd7 24. f5 Kh8 25. Rh3 g5 26. Qxg5 Rg8 27. Qh4 Rg7 28. f6 exf6 29. Rg3 Rxg3 30. hxg3 Qe7 31. Qxf6+ Qxf6 32. Rxf6 Ra4 33. Rxd6 Rxb4 34. Rc6 Rb2 35. Rc8+ Kg7 36. Rb8 Kf6 37. c5 Rc2 38. d6 Ke6 39. Re8+ Kd7 40. Re7+ Kc8 41. cxb6 Rb2 42. Rc7+ 1-0

[Event "GER-chT Betriebe 16th"]
[Site "Dresden"]
[Date "2016.11.05"]
[Round "6.3"]
[White "Loxine, Jakov"]
[Black "Marten, Gero"]
[Result "1/2-1/2"]
[WhiteElo "2409"]
[BlackElo "2010"]
[PlyCount "51"]
[EventDate "2016.11.03"]
[EventType "team-swiss"]
[EventRounds "7"]
[EventCountry "GER"]
[SourceTitle "EXT 2020"]
[Source "ChessBase"]
[SourceDate "2019.10.17"]
[SourceVersion "1"]
[SourceVersionDate "2019.10.17"]
[SourceQuality "1"]
[WhiteTeam "Meissen UKA"]
[BlackTeam "Stuttgart Sparkassen-Vers"]
[WhiteTeamCountry "GER"]
[BlackTeamCountry "GER"]

1. Nf3 c5 2. c4 g6 3. e4 Bg7 4. d4 cxd4 5. Nxd4 Nf6 6. Nc3 Nc6 7. Be3 0-0 8. Be2 d6 9. 0-0 Nxd4 10. Bxd4 Be6 11. Qd2 Qa5 12. Rad1 Rfc8 13. b3 a6 14. Bxf6 Bxf6 15. Nd5 Qxd2 16. Nxf6+ Kg7 17. Nh5+ gxh5 18. Rxd2 Rc5 19. f4 f6 20. a4 a5 21. f5 Bf7 22. Rf3 Re5 23. Rd4 Rg8 24. Rg3+ Kh6 25. Kf2 Rg5 26. h4 1/2-1/2

[Event "Bundesliga 1415"]
[Site "Germany"]
[Date "2015.04.12"]
[Round "15.5"]
[White "Bluebaum, Matthias"]
[Black "Loxine, Jakov"]
[Result "1-0"]
[WhiteElo "2530"]
[BlackElo "2403"]
[PlyCount "141"]
[EventDate "2014.10.18"]
[EventType "team-tourn"]
[EventRounds "15"]
[EventCountry "GER"]
[SourceTitle "CBM 166"]
[Source "ChessBase"]
[SourceDate "2015.05.11"]
[SourceVersion "1"]
[SourceVersionDate "2015.05.11"]
[SourceQuality "1"]
[WhiteTeam "Werder Bremen"]
[BlackTeam "Dresden TU"]
[WhiteTeamCountry "GER"]
[BlackTeamCountry "GER"]

1. d4 Nf6 2. c4 g6 3. Nc3 Bg7 4. e4 d6 5. Nf3 0-0 6. Be2 e5 7. Be3 exd4 8. Nxd4 Re8 9. f3 c6 10. Bf2 d5 11. exd5 cxd5 12. 0-0 Nc6 13. c5 Bf8 14. Bb5 Bd7 15. Nb3 Rc8 16. Nxd5 Nxd5 17. Qxd5 Be6 18. Qxd8 Rexd8 19. Bxc6 bxc6 20. Nd4 Bxc5 21. Nxe6 Bxf2+ 22. Rxf2 fxe6 23. Rc1 Rb8 24. b3 Rd6 25. Rfc2 Rb6 26. Rc5 Ra6 27. a4 Rb6 28. R1c3 a6 29. Kf2 Kf7 30. a5 Rb5 31. Rxb5 cxb5 32. Rc7+ Kf6 33. Rxh7 Rd3 34. Ra7 Rxb3 35. Rxa6 Rb2+ 36. Kg3 Ra2 37. Ra8 b4 38. Rb8 Rxa5 39. Rxb4 Ra2 40. h4 Rc2 41. Kh3 Rc3 42. Kg4 Rc2 43. g3 Rc3 44. Kf4 Rc5 45. Re4 Rf5+ 46. Ke3 Ra5 47. g4 Ra3+ 48. Kf4 Ra5 49. Kg3 Rb5 50. Ra4 Rb7 51. Kf4 Rc7 52. Ke4 Rb7 53. Kf4 Rc7 54. g5+ Kf7 55. Kg4 Kg7 56. Re4 Rc6 57. Rf4 Rc1 58. Rb4 Rc7 59. Rb6 Re7 60. f4 Kf7 61. h5 gxh5+ 62. Kxh5 Kg7 63. g6 Re8 64. Kg5 Kg8 65. Ra6 Kg7 66. Ra7+ Kg8 67. Kf6 Rf8+ 68. Rf7 Rxf7+ 69. gxf7+ Kf8 70. Kxe6 Kg7 71. Ke7 1-0

[Event "Bundesliga 1415"]
[Site "Germany"]
[Date "2014.11.08"]
[Round "3.8"]
[White "Loxine, Jakov"]
[Black "Tari, Aryan"]
[Result "1/2-1/2"]
[WhiteElo "2403"]
[BlackElo "2450"]
[PlyCount "48"]
[EventDate "2014.10.18"]
[EventType "team-tourn"]
[EventRounds "15"]
[EventCountry "GER"]
[SourceTitle "CBM 164"]
[Source "ChessBase"]
[SourceDate "2015.01.15"]
[SourceVersion "1"]
[SourceVersionDate "2015.01.15"]
[SourceQuality "1"]
[WhiteTeam "Dresden TU"]
[BlackTeam "Dortmund Hansa"]
[WhiteTeamCountry "GER"]
[BlackTeamCountry "GER"]

1. e4 c5 2. Nc3 d6 3. d4 cxd4 4. Qxd4 Nc6 5. Bb5 Bd7 6. Bxc6 Bxc6 7. Bg5 h6 8. Be3 Nf6 9. Nf3 e6 10. Qd3 Be7 11. Nd4 0-0 12. f3 Qc7 13. 0-0-0 Rfd8 14. g4 d5 15. e5 Qxe5 16. h4 Nd7 17. f4 Qd6 18. g5 h5 19. g6 f5 20. Ncb5 Bxb5 21. Nxb5 Qc6 22. Nd4 Qd6 23. Nb5 Qc6 24. Nd4 Qd6 1/2-1/2

[Event "BL2-Ost 1314"]
[Site "Germany"]
[Date "2013.11.24"]
[Round "5.5"]
[White "Krensing, Jan"]
[Black "Loxine, Jakov"]
[Result "1-0"]
[WhiteElo "2338"]
[BlackElo "2414"]
[PlyCount "65"]
[EventDate "2013.10.12"]
[EventType "team-tourn"]
[EventRounds "10"]
[EventCountry "GER"]
[SourceTitle "EXT 2015"]
[Source "ChessBase"]
[SourceDate "2014.11.20"]
[SourceVersion "1"]
[SourceVersionDate "2014.11.20"]
[SourceQuality "1"]
[WhiteTeam "Bindlach Aktionaer"]
[BlackTeam "Dresden USV"]
[WhiteTeamCountry "GER"]
[BlackTeamCountry "GER"]

1. d4 Nf6 2. c4 e6 3. Nc3 Bb4 4. e3 c5 5. a3 Bxc3+ 6. bxc3 Nc6 7. Bd3 b6 8. Ne2 0-0 9. e4 Ne8 10. Ng3 Qh4 11. 0-0 g6 12. f4 f5 13. exf5 exf5 14. dxc5 bxc5 15. Be3 Qe7 16. Re1 Nc7 17. Qc2 Ne6 18. Be2 Rb8 19. Bf3 Ba6 20. Qa4 Rb6 21. Rad1 Re8 22. Nf1 Nb8 23. Bf2 Qf6 24. Ne3 Qxc3 25. Nd5 Qxc4 26. Qxc4 Bxc4 27. Nf6+ Kf7 28. Nxe8 Kxe8 29. Bxc5 Rb5 30. Bxa7 Nc6 31. Rc1 Bd5 32. Bxd5 Rxd5 33. Rxe6+ 1-0

[Event "BL2-Ost 1314"]
[Site "Germany"]
[Date "2013.11.24"]
[Round "6.5"]
[White "Loxine, Jakov"]
[Black "Heidrich, Manfred"]
[Result "1/2-1/2"]
[WhiteElo "2414"]
[BlackElo "2325"]
[PlyCount "49"]
[EventDate "2013.10.12"]
[EventType "team-tourn"]
[EventRounds "10"]
[EventCountry "GER"]
[SourceTitle "EXT 2015"]
[Source "ChessBase"]
[SourceDate "2014.11.20"]
[SourceVersion "1"]
[SourceVersionDate "2014.11.20"]
[SourceQuality "1"]
[WhiteTeam "Dresden USV"]
[BlackTeam "Forchheim"]
[WhiteTeamCountry "GER"]
[BlackTeamCountry "GER"]

1. e4 c5 2. Nc3 Nc6 3. Bb5 g6 4. Bxc6 dxc6 5. d3 Bg7 6. f4 Nf6 7. Nf3 0-0 8. 0-0 Ne8 9. Be3 b6 10. Qd2 Nc7 11. Rf2 Ne6 12. f5 Nd4 13. Bh6 f6 14. Nxd4 cxd4 15. Ne2 e6 16. fxe6 Bxe6 17. Bxg7 Kxg7 18. Nf4 Qd6 19. Raf1 Rae8 20. Rf3 Bd7 21. Qf2 f5 22. exf5 Rxf5 23. Ne2 c5 24. Rxf5 Bxf5 25. Ng3 1/2-1/2

[Event "BL2-Ost 1314"]
[Site "Germany"]
[Date "2013.11.10"]
[Round "3.4"]
[White "Loxine, Jakov"]
[Black "Enders, Peter"]
[Result "1/2-1/2"]
[WhiteElo "2414"]
[BlackElo "2464"]
[PlyCount "102"]
[EventDate "2013.10.12"]
[EventType "team-tourn"]
[EventRounds "10"]
[EventCountry "GER"]
[SourceTitle "EXT 2015"]
[Source "ChessBase"]
[SourceDate "2014.11.20"]
[SourceVersion "1"]
[SourceVersionDate "2014.11.20"]
[SourceQuality "1"]
[WhiteTeam "Dresden USV"]
[BlackTeam "Erfurt"]
[WhiteTeamCountry "GER"]
[BlackTeamCountry "GER"]

1. e4 c5 2. Nc3 d6 3. f4 a6 4. Nf3 Nc6 5. d4 cxd4 6. Nxd4 Bd7 7. Be3 e6 8. Be2 Be7 9. Qd2 Nf6 10. 0-0-0 0-0 11. g4 d5 12. e5 Ne4 13. Nxe4 dxe4 14. Nb3 Be8 15. c3 Qc8 16. Kb1 f6 17. exf6 Rxf6 18. Nc5 Bxc5 19. Bxc5 Bg6 20. Qe3 Qe8 21. h4 h5 22. gxh5 Bxh5 23. Bxh5 Qxh5 24. Bd4 Nxd4 25. Rxd4 Raf8 26. Qxe4 Qh7 27. Qxh7+ Kxh7 28. Re1 Rxf4 29. Rxe6 Rxd4 30. cxd4 Rf4 31. d5 Rxh4 32. Kc2 Rd4 33. d6 b6 34. Kc3 Rd1 35. Kc4 Kg8 36. d7 b5+ 37. Kc5 Rxd7 38. Rxa6 Rb7 39. b4 Kh7 40. a4 bxa4 41. Rxa4 g5 42. b5 Kg6 43. b6 Kf5 44. Kc6 Rb8 45. b7 g4 46. Ra8 Rxb7 47. Kxb7 g3 48. Rg8 Kf4 49. Kc6 Kf3 50. Kd5 g2 51. Kd4 Kf2 1/2-1/2